MDQL
is popping MORE tags! Check the
thread
!
Quizzes
Events
Quiz Creation
Community
Videos
Private Events
Remove Ads
Sign In
Join for FREE
Feedback
Dark Mode
Quiz Categories
Sports
Geography
Music
Movies
Television
Just For Fun
Miscellaneous
History
Literature
Language
Science
Gaming
Entertainment
Religion
Holiday
For Kids
Quiz Lab
Recent
Popular Today
Quiz Kudos Today
Editor Picks
Curator Picks
Quizzes by...
Day
Popularity
Type
Ratings
Length
Year
Community
Subscriptions
Recent Discussions
Orange Saloon
Badges
Playlists
Quests
Create
Leaderboards
Showdown
Live 5
Trivia Bingo
Activity
Puzzle Library
Sporcle Events
Private Events
Virtual Trivia
Globe League
Become a Host
Pub Owners
SporcleCon
Opinionation
Our Games
Videos
Blog
Mobile Apps
Partnerships
Remove Ads and Go Orange
Feedback
Language
Vocabulary
Begins and Ends
Definition
Spanish
French
German
Italian
Chinese
Latin
Translation
Japanese
Language
Vocabulary
Begins and Ends
Definition
Spanish
French
German
Italian
Chinese
Latin
Translation
Japanese
Random Quiz
Search Sporcle
×
Quiz Lab
Quiz Lab
Language
Type in answers that appear in a list
Type in answers that appear in a list
Classic
Best Score? Go Orange.
Skáld og ljóð á tuttugustu öldinni Stats
Skáld og ljóð á tuttugustu öldinni
By
Adalsteinn
10m
66 Questions
25 Plays
25 Plays
25 Plays
Comments
Comments
Give Quiz Kudos
Give Quiz Kudos
-
- Ratings
hide this ad
Forced Order
Answers have to be entered in order
Answers have to be entered in order
Random Order
Randomize order of answers
Randomize order of answers
Replay
Link that replays current quiz
Next Quiz
Link to next quiz in quiz playlist
You Got
0%
They Got
Avg Score
30%
Avg Friend Score
Upgrade to see
Score Distribution
Jump to the score distribution portion of the page
Score
0/66
Timer
10:00
0
Plays Today
Hint
Skáld
% Correct
Tíminn og vatnið
Steinn Steinarr
80%
Haukurinn
Hulda
64%
Hin hljóðu tár
Steinn Steinarr
56%
Morgunsöngur
Jóhannes úr Kötlum
52%
Vetrardagur
Jón úr Vör
52%
Laufhvelið
Sigurður Pálsson
52%
Einbúinn
Davíð Stefánsson
48%
Rímþjóð
Jóhannes úr Kötlum
48%
Afríka
Hannes Sigfússon
48%
Trjágöng um vetur
Sigurður Pálsson
48%
Ljóðlistin
Sigurður Pálsson
48%
Þá Björk
Sjón
48%
Öfund
Didda
48%
Halla og Heiðarbýlið
Jón Trausti
44%
Að sigra heiminn
Steinn Steinarr
44%
Promotheus
Steinn Steinarr
44%
Í helli Loka
Hannes Pétursson
44%
Þau hittust í klúbbnum
Birgir Svan Símonarson
44%
Fuglahótelið fjórum árum síðar
Sjón
44%
Hringrás
Andri Snær Magnason
44%
Skilaboð til vegfarenda
Andri Snær Magnason
44%
Strax eða aldrei
Jóhann Sigurjónsson
40%
Liðsinni
Þorsteinn frá Hamri
40%
Vopnabúrið
Elísabet Jökulsdóttir
40%
Upp við fossa
Þorgils Gjallandi
36%
Jón Thoroddsen
Tómas Guðmundsson
36%
Dægurlagatextar
Jóhannes úr Kötlum
36%
Ef
Andri Snær Magnason
36%
Stefnuskrá
Sigurður Einarsson
32%
Við eigum ekki nógu vel saman
Einar Már Guðmundsson
32%
Góður gestur á Bakka
Þórarinn Eldjárn
32%
Sorg
Jóhann Sigurjónsson
28%
Eldur í öskunni leynist
Davíð Stefánsson
28%
Hint
Skáld
% Correct
Í draumi sérhvers manns
Steinn Steinarr
28%
Ég er svona stór
Jón úr Vör
28%
57
Hannes Pétursson
28%
Vandræðaskáld
Þórarinn Eldjárn
28%
Núna
Ingibjörg Haraldsdóttir
28%
Um endurhljóðblandanir strumpanna
Steinar Bragi Guðmundsson
28%
Mig langar
Jónas Guðlaugsson
24%
Óráð
Davíð Stefánsson
24%
Að kvöldi
Snorri Hjartarson
24%
Sumarnótt í Skagafirði
Hannes Pétursson
24%
Veðruð orð
Þorsteinn frá Hamri
24%
Síðasta tilboð Íslendinga
Einar Már Guðmundsson
24%
Fugl óttans breytir sífellt um lögun
Nína Björk Árnadóttir
24%
Vísa
Ingibjörg Haraldsdóttir
24%
Bati
Gyrðir Elíasson
24%
Vísa
Jóhann Gunnar Sigurðsson
16%
Söknuður
Jóhann Jónsson
16%
Var þá kallað
Snorri Hjartarson
16%
Landadansmær
Elísabet Jökulsdóttir
16%
Hringferð um sveitina
Ingunn Snædal
16%
Hríð
Jóhann Gunnar Sigurðsson
12%
XVII
Ingunn Snædal
12%
Öxnadalur
Gerður Kristný
12%
Haustið nálgast
Stefán Sigurðsson frá Hvítadal
8%
Stríð
Stefán Hörður Grímsson
8%
Síðdegi
Stefán Hörður Grímsson
8%
J
Pétur Gunnarsson
8%
Strandir
Gerður Kristný
8%
Þróttleysi
Stefán Sigurðsson frá Hvítadal
4%
Vont og verst
Ólöf Sigurðardóttir frá Hlöðum
0%
IV
Steinunn Sigurðardóttir
0%
Maður án höfundar
Ísak Harðarson
0%
0%
Quiz Playlist
Details
Report
Send in Message
Add To Playlist
Classic:
Type in answers that appear in a list
Forced Order:
Answers have to be entered in order
Random Order:
Randomize order of answers
Last Updated: Feb 16, 2017
Quiz Scoreboard
CHALLENGE
Sign Up to Join the Scoreboard
Show All
Scores
Hide
Comments
May contain spoilers
Recently Published
Image Sorting: Flags VI
by Barbecue
Geography
2m
Find the 'City' Movie
by crazypaving
Movies
60s
Colored Red Africa Blitz
by spor1
Geography
45s
More to Explore
Quiz From the Vault
Featured Blog Post
14 Easter Pick-up Lines to Find Eggs With
hide this ad
You Might Also Like...
Tags
This quiz does not have any tags.
Today's Top Quizzes in Language
Browse Language
hide this ad
Top Contributed Quizzes in Language
1
What Word Starts All?
2
Arabic Numerals
3
1-10 Letter F Words III
4
1-10 Letter G Words III
5
1-10 Letter H Words III
6
Weisst du, aus welchen Sprachen diese Wörter stammen?
7
1-10 Letter I Words III
8
Latihan Huruf Hiragana KA KI KU KE KO
9
1-10 Letter M Words III
10
1-10 Letter J Words III
Explore More
Trending Topics
Marvel
Kpop
Disney
Harry Potter
Anime
NBA
Crossword
Country
Puzzle
NFL
Pokémon
The Office
Soccer
Song
WWE
hide this ad
More By:
Adalsteinn
Quiz
Plays
Rating
Category
Featured
Created
söguprófs ártöl fyrir annan bekk
35
History
Jun 2, 2012
Skáld og ljóð á tuttugustu öldinni
25
Language
Jan 8, 2014
Go to Creator's Profile
Score Distribution
Quiz Creator Spotlight
Adalsteinn
Follow
Send a Message
Quizzes Created
-
Created Quiz Play Count
-
More By This Creator
Popular Quizzes Today
1
Colored Red Africa Blitz
2
Find the US States - No Outlines Minefield
3
Find the 'City' Movie
4
5x2 Blitz: Bands
5
The Countries of the World
6
Find the US States
7
Find the Countries of Europe - No Outlines Minefield
8
US States
More Language Quizzes
Word Hourglass XXIII
Published
Trending Quizzes
Colored Red Europe Blitz I
Colored Red Europe Blitz II
Colored Red Africa Blitz II
Colored Red Europe Blitz III
Colored Red Africa Blitz III
Recently Updated
How Do You Spell That?
pecheneg
Godzilla Movies
pecheneg
Grab Bag: 4-10 Letters
pecheneg
2024 March Madness Bracket
pecheneg
Famous TV Couples
Peacemaker
Champions League XIs: Real Madrid
pecheneg
Largest US Cities 1790-2010
pecheneg
Rides in Walt Disney World
pecheneg
Most Oscar Losses (Acting)
pecheneg
Beyoncé Albums
pecheneg
Trending Topics
Kpop
Harry Potter
Disney
Anime
Marvel
Crossword
NBA
Soccer
Song
NFL
Country
Pokémon
The Office
WWE
Puzzle
Your Account Isn't Verified!
In order to create a playlist on Sporcle, you need to verify the email address you used during registration. Go to your
Sporcle Settings
to finish the process.
Report this User
Report this user for behavior that violates our
Community Guidelines
.
Details:
Send Report
Go to the Sporcle.com Mobile Site →
Comments